Capitales de A-Z - Statistiques

Statistiques générales
  • Ce quiz a été pris 157 fois
  • Le résultat moyen est 17 sur 24
Statistiques - réponses
Lettre Réponse % Correct
B Bagdad, Bakou, Bamako, Bandar Seri Begawan, Bangkok, Bangui, Banjul, Basseterre, Belgrade, Belmonpan, Berlin, Berne, Beyrouth, Bichkek, Bissau, Bogota, Brasilia, Bratislava, Brazzaville, Bridgetown, Bruxelles, Bucarest, Budapest, Buenos Aires
99%
M Madrid, Majuro, Malabo, Malé, Managua, Manama, Manille, Maputo, Mascate, Maseru, Mbabane, Mexico, Minsk, Mogadiscio, Monaco, Monrovia, Montevideo, Moroni, Moscou
97%
P Palakir, Panama, Paramaribo, Paris, La Paz, Pretoria, Podgorica, Porto-Novo, Pekin, Phnom Penh, Port Moresby, Port au Prince, Port d'Espagne, Port Vila, Prague, Praia, Pyongyang
96%
L Libreville, Lilongwe, Lima, Lisbonne, Ljubljana, Lomé, Londres, Luanda, Lusaka, Luxembourg
94%
A Athenes, Abou Dabi, Abuja, Accra, Addis-Abeba, Achkat, Alger, Alofi, Amman, Amsterdam, Andorre-la-vieille, Ankara, Antananarivo, Apia, Asmara, Astana, Asuncion, Avarua
93%
T Tegucigalpa, Tachkent, Tallinn, Tarawa-Sud, Tbilissi, Téhéran, Thimphou, Tirana, Tokyo, Tripoli, Tunis
89%
D Dakar, Damas, Dacca, Dodoma, Dili, Djibouti, Djouba, Doha, Douchanbé, Dublin
88%
O Oslo, Ottawa, Ouagadougou, Oulan-Bator
88%
R Rabbat, Reykjavik, Riga, Riyad, Rome, Roseau
88%
S Sanaa, Sri Jayawardenapura Kotte, Sucre, Saint John's, Saint Domingue, Saint Gorges, Saint Marin, San José, San Salvador, Santiago, Sao Tomé, Sarajevo, Séoul, Singapour, Skopje, Sofia, Stockholm, Suva
88%
V Vaduz, La Valette, Varsovie, Vatican, Victoria, Vienne, Vientiane,Vilnius
85%
C Le Cap, Le Caire, Canberra, Caracas, Castries, Chisinau, Conakry, Copenhague
83%
W Wellington, Washington, Windhoek
82%
H Hanoï, Harare, La Havane, Helsinki, Honiara
72%
K Kaboul, Kampala, Katmandou, Karthoum, Kiev, Kigali, Kingston, Kingstown, Kinshasa, Koweit, Kuala Lumpur
71%
N Nairobi, Nassau, Naypyidah, N'djamena, New Dehli, Niamey, Nicosie, Nouakchott, Nuku'alofa
59%
J Jakarta, Jerusalem
57%
Z Zagreb
57%
Q Quito
50%
Y Yamoussoukro, Yaoundé, Yaren
47%
E Erevan
45%
G Gitega, Gaboronne, Georgetown, Guatemala
43%
I Islamabad
43%
F Freetown, Funafuti
32%
Aucun quiz correspondant
Distribution des résultats
% des personnes avec chaque résultat
Percentile par nombre de réponses
Votre historique - résultats
Vous n’avez pas pris ce quiz